000 01522nam a2200313 a 4500
001 000000060
003 DO-SdBNP
005 20170925110102.0
007 000000060
008 081117s2007 dr acd 000 0 spa d
020 _a9789993425717
020 _a9993425710
040 _aBPMSU
_bspa
_cBPMSU
082 4 _a570.724
_bH519b
100 1 _aHenríquez, Ana Mercedes
245 1 0 _aBio-Intec :
_buna metodología integradora /
_cAna Mercedes Henríquez, Mabel Artidiello Moreno.
260 _aSanto Domingo :
_bINTEC,
_c2007.
300 _aix, 248 p. :
_bil. , graf. , retrs. ;
_c23 cm.
505 0 _aIntroducción --
_tCapítulo I. Características de la docencia e investigación.
_tCapítulo II. Proceso integrador en la docencia. --
_tCapítulo III. Bio-Intec y sus características.
_tCapítulo IV. Comité de Bio-Intec --
_tCapítulo V. Organización del Bio-Intec --
_tCapítulo VI. Proceso de evaluación del Bio-Intec --
_tCapitulo VII. Fase expositiva del BIO-INTEC
_tCapítulo VIII. BIO-INTEC en el tiempo
_tCapitulo IX. Impacto del BIO-INTEC en el proceso enseñanza-aprendizaje
_tConclusiones --
_tRecomendaciones --
_tBibliografía --
_tAnexos.
650 4 _aBIOLOGÍA
_xENSEÑANZA
650 4 _aINVESTIGACIÓN
_xENSEÑANZA
650 4 _aINVESTIGACIÓN APLICADA
700 1 _aArtidiello Moreno, Mabel
710 2 _aInstituto Tecnológico de Santo Domingo
910 _aValidado. Control de calidad MFF
942 _2ddc
_cBK
945 _aInventario / 2017 VM
956 _aVMATEO
_b10
_c20150807
_lBPMSU
_h00151
999 _c8121
_d8121